[Event "RUS-ch Youth U21 Boys 2018"]
[Site "Loo"]
[Date "2018.04.21"]
[Round "2"]
[White "Yeletsky, Ivan"]
[Black "Lobanov, Sergei"]
[Result "1/2-1/2"]
[WhiteElo "2430"]
[BlackElo "2481"]
[Annotator "TA"]
[PlyCount "196"]
[EventDate "2018.??.??"]
[EventType "tourn"]
[EventCountry "RUS"]
[SourceTitle "playchess.com"]
[Source "ChessBase"]
[SourceQuality "1"]

{[%evp 19,196,-16,-22,-25,-25,-40,-8,-2,-16,-26,20,6,60,43,40,57,111,9,10,8,5,10,14,15,9,65,118,67,64,10,108,89,82,85,111,42,13,13,32,45,44,28,79,91,92,54,39,31,33,9,17,0,0,0,45,47,150,128,143,135,148,10,12,8,515,522,520,495,512,504,481,344,521,400,400,400,400,400,400,400,400,400,400,400,400,400,400,400,400,400,400,400,400,400,400,400,400,400,400,400,400,400,400,400,400,400,400,400,400,400,400,400,400,400,400,0,400,400,400,400,400,400,400,400,400,400,400,400,400,400,400,400,400,400,400,400,400,0,400,400,400,400,400,400,400,400,400,400,400,400,400,400,400,0,400,400,400,400,400,400,400,400,400,400,400,0,0,0,0,0,0,0,0,0,0,0,0,0,0]} 1. e4 c6 2. d4 d5 3. e5 Bf5 4. h4 h5 5. Bd3 Bxd3 6. Qxd3 e6 7. Bg5 {B12: Caro-Kann: Advance Variation} Qb6 8. Nd2 c5 9. c4 Qxb2 10. Rb1 Qxd4 {LiveBook: 11 Games} 11. Qb3 $146 ({Predecessor:} 11. Qe2 Qg4 12. Ngf3 b6 13. Qd3 Ne7 14. O-O Nd7 {0-1 (47) Lopez Martinez,J (2597)-Riazantsev,A (2659) Minsk 2017}) 11... Qxe5+ 12. Ne2 $1 b6 13. Bf4 Qf6 {Threatening ...Nc6.} 14. O-O $1 Qd8 {And now ...d4 would win.} 15. Nc3 {[%cal Rc4d5]} Bd6 (15... Nf6 $11) 16. Bxd6 $14 Qxd6 17. cxd5 Nf6 (17... exd5 $14 18. Nxd5 Nc6) 18. Nc4 (18. dxe6 $1 $16 O-O 19. exf7+ Kh8 20. Nde4 Nxe4 21. Nxe4) 18... Qe7 $1 $11 19. dxe6 O-O 20. Qa4 Qxe6 {[#] White must now prevent ...Nc6.} 21. Nxb6 $1 {[%mdl 512]} axb6 22. Qxa8 Qg4 (22... Nc6 $14 23. Qa6 Nb4) 23. Qa4 ({White should try} 23. Nd5 $16) 23... c4 $1 $14 24. Rxb6 (24. Qb5 $14) 24... Nbd7 (24... Qxh4 $11 {keeps the balance.} 25. Rxf6 Qxf6 26. Qxc4 Rd8) 25. Rb5 $1 $16 Qxh4 26. Qa5 $1 Rc8 27. Qa6 (27. g3 $16 Qd4 28. Rd1) 27... Re8 $14 28. Qd6 Ng4 29. Qf4 {aiming for f3.} Nde5 30. a4 Ng6 (30... Nd3 $11 31. Qg3 Qe7) 31. Qg3 $16 Qxg3 32. fxg3 {Ra1 is the strong threat.} Re3 33. Nd5 Ra3 $1 34. a5 N6e5 35. Rb8+ Kh7 36. Ra8 c3 37. a6 {Threatens to win with Nxc3!} c2 (37... Nc6 $14) 38. Nb4 $1 {[%cal Rb4c2]} Ne3 39. Rc1 N5g4 40. a7 (40. Nxc2 $2 Nxc2 41. a7 Nce3 $19) (40. Ra7 $1 $16 {[%cal Ra7f7]} Ra4 41. Rb7 (41. Nxc2 $2 Nxc2 42. Rb1 Nce3 $19)) 40... f6 $1 $11 41. Nc6 ({Don't blunder} 41. Nxc2 $2 Nxc2 42. Kf1 Ra2 $19) 41... Rd3 $2 {[%mdl 8192] [#]} (41... Nf5 $1 $11) 42. Rd8 $1 $18 {[%cal Rd8d3]} Nd5 43. Rh8+ Kg6 {[#]} 44. Re8 $1 Nc7 45. Rd8 Rc3 (45... Rb3 $142 46. a8=Q Nxa8 47. Rxa8 Rd3) 46. Rc8 Rd3 {( -> ...Rd1+)} 47. Rf1 ({Don't do} 47. Ne7+ Kf7 $18) 47... Rd1 48. Ne7+ Kh7 49. Rxc7 Ne3 50. Kf2 Rxf1+ 51. Kxe3 c1=Q+ 52. Rxc1 Rxc1 53. a8=Q {[%mdl 4096] Endgame} Re1+ 54. Kf4 {Qg8+ would kill now.} Rxe7 {KQ-KR} 55. g4 hxg4 56. Kxg4 Re5 57. g3 Rg5+ 58. Kf4 Re5 59. Qh1+ Kg8 60. Qb1 Rg5 61. Qe4 Re5 62. Qg6 Kf8 63. Qh7 Kf7 64. Qh8 Rg5 65. Kf3 Rf5+ 66. Ke4 Re5+ 67. Kf3 Rf5+ $1 68. Kg2 Re5 69. Kh3 Rg5 70. Kh4 Re5 71. Qa8 Rg5 72. Qa1 Kg8 73. Qc1 Re5 74. Kg4 Kh7 75. Qd2 Kg8 76. Qd3 Rg5+ 77. Kf4 Kf7 78. Qh7 Re5 79. Kg4 Rg5+ 80. Kh4 Re5 81. Qc2 Rg5 82. Qc1 Re5 83. g4 Kg8 84. Qc4+ Kh7 85. Qf7 Rg5 86. Kg3 $2 (86. Qb3 $18) 86... Re5 $2 {[%mdl 8192]} (86... f5 $1 $11) 87. Qc7 Rg5 88. Kf4 Re5 89. Qb8 Rg5 90. Qb1+ Kg8 91. Qe4 Re5 92. Qxe5 $2 ({Better is} 92. Qd3 $18) 92... fxe5+ $11 {The position is equal.} 93. Kxe5 $18 {KP-KP} Kh7 94. g5 Kg6 95. Kf4 Kh5 96. Kf5 Kh4 97. Kg6 Kg4 98. Kxg7 {Intending Kf6 and mate.} Kxg5 {Precision: White = 71%, Black = 58%.} 1/2-1/2

[Event "RUS-ch Youth U21 Boys 2018"]
[Site "Loo"]
[Date "2018.04.21"]
[Round "2"]
[White "Ofitserian, Boris"]
[Black "Lomasov, Semen"]
[Result "1/2-1/2"]
[WhiteElo "2418"]
[BlackElo "2536"]
[Annotator "TA"]
[PlyCount "67"]
[EventDate "2018.??.??"]
[EventType "tourn"]
[EventCountry "RUS"]
[SourceTitle "playchess.com"]
[Source "ChessBase"]
[SourceQuality "1"]

{[%evp 14,67,33,22,31,10,28,27,37,0,4,0,0,-6,0,0,0,0,3,-6,0,-10,0,0,0,0,0,0,0,-15,15,19,12,12,18,0,0,0,0,0,0,0,0,0,0,0,3,0,0,0,0,0,0,0,0,0]} 1. c4 e5 2. g3 Nc6 3. Bg2 Bc5 4. Nc3 d6 5. e3 a6 6. Nge2 {[%cal Bg1e2,Be2c3,Bc3d5][%mdl 32] A25: English Opening vs King's Indian with ...Nc6 but without early d3} (6. Nf3 Nf6 7. O-O O-O 8. h3 Ba7 9. d4 h6 10. dxe5 dxe5 11. Qxd8 Rxd8 12. b3 Be6 13. Ba3 Rd7 14. Rfd1 Rad8 15. Rxd7 Rxd7 {½-½ (41) Howell,D (2676)-Ponomariov,R (2694) Riadh 2017}) 6... Nge7 7. b3 Ba7 8. d3 {LiveBook: 4 Games. White is slightly better.} Bf5 9. Nd5 $146 ({Predecessor:} 9. Bb2 Qd7 10. h3 Rb8 11. Qd2 O-O 12. Nd5 {½-½ (35) Abramovic,B (2460)-Milanovic,D (2520) Vrnjacka Banja 2012}) 9... Rb8 10. Bb2 Qd7 11. Nec3 (11. d4 {is interesting.} exd4 12. O-O Bg4 13. f3 Be6 14. Ndf4) 11... Nxd5 {The position is equal.} 12. Nxd5 Nd8 13. Qd2 c6 14. Nc3 O-O 15. O-O Bh3 16. Bxh3 Qxh3 17. Ba3 Qd7 18. d4 exd4 19. exd4 Ne6 20. d5 Nd4 {[#] Threatens to win with ...Nf3+.} 21. Qd3 Rfe8 22. Rae1 b5 23. dxc6 Qxc6 24. Nd5 bxc4 $1 25. bxc4 Bc5 26. Bxc5 dxc5 27. Rb1 Qd7 28. Kg2 Rxb1 29. Rxb1 h5 30. h4 Qg4 31. Nc7 Rd8 {[#] White must now prevent ...Ne6.} 32. Nd5 Re8 33. Nc7 Rd8 {aiming for ...Ne6.} 34. Nd5 {Precision: White = 56%, Black = 59%.} 1/2-1/2

[Event "RUS-ch Youth U21 Boys 2018"]
[Site "Loo"]
[Date "2018.04.22"]
[Round "3"]
[White "Vavulin, Maksim"]
[Black "Drygalov, Andrey"]
[Result "1/2-1/2"]
[WhiteElo "2569"]
[BlackElo "2434"]
[Annotator "TA"]
[PlyCount "103"]
[EventDate "2018.??.??"]
[EventType "tourn"]
[EventCountry "RUS"]
[SourceTitle "playchess.com"]
[Source "ChessBase"]
[SourceQuality "1"]

{[%evp 30,103,31,33,22,23,24,22,22,29,24,12,30,14,20,25,11,11,26,29,22,18,38,5,48,49,41,43,54,18,21,24,25,25,32,41,43,43,43,43,43,36,43,43,45,43,45,42,46,46,46,46,49,39,43,35,36,37,40,29,29,13,35,19,25,18,24,18,24,20,39,0,0,0,0,0]} 1. e4 e5 2. Nf3 Nc6 3. Bb5 a6 4. Ba4 Nf6 5. O-O Be7 6. Re1 b5 7. Bb3 O-O 8. c3 d5 9. exd5 Nxd5 10. Nxe5 Nxe5 11. Rxe5 c6 12. d3 Bd6 13. Re1 Bf5 14. Qf3 Qh4 {C89: Closed Ruy Lopez: Marshall Attack} 15. g3 Qh3 16. Bxd5 {LiveBook: 65 Games} Bg4 {White is slightly better.} 17. Qg2 cxd5 18. Qxh3 Bxh3 19. Be3 Bf5 {[#]} 20. Nd2 $146 ({Predecessor:} 20. d4 Rfe8 21. Nd2 f6 22. Bf4 {½-½ (43) Nakamura,H (2780)-Aronian,L (2801) Palma de Mallorca 2017}) 20... Bxd3 21. Nb3 Rac8 22. Rad1 Be4 23. Bb6 Rfe8 24. Re3 Bf8 25. f3 Bf5 26. Rxd5 Rxe3 27. Bxe3 Be6 28. Rd1 b4 29. Bd4 bxc3 30. Bxc3 f6 31. Kg2 Kf7 32. Rd4 Rc4 33. Rd8 Rc8 34. Rxc8 Bxc8 $14 {[%mdl 4096] Endgame KBB-KBN} 35. Kf2 Ke6 36. Ke3 Kd5 37. Bd4 Bd7 38. Nd2 Bb4 {[#] White must now prevent ...Bxd2+.} 39. Ne4 Be7 40. Nc3+ Ke6 41. a3 g5 42. Bb6 f5 43. f4 g4 44. b4 h5 45. Kd3 Bc6 46. Kc4 Bg2 47. Bd4 Bf1+ 48. Kb3 Bd8 49. a4 {[%cal Ba3a4,Ba4a5][%mdl 32]} Kd6 50. a5 Kc6 51. Nd1 Bd3 52. Nc3 {Precision: White = 48%, Black = 71%.} 1/2-1/2

[Event "RUS-ch Youth U21 Boys 2018"]
[Site "Loo"]
[Date "2018.04.22"]
[Round "3"]
[White "Sarana, Alexey"]
[Black "Ofitserian, Boris"]
[Result "1-0"]
[WhiteElo "2556"]
[BlackElo "2418"]
[Annotator "TA"]
[PlyCount "53"]
[EventDate "2018.??.??"]
[EventType "tourn"]
[EventCountry "RUS"]
[SourceTitle "playchess.com"]
[Source "ChessBase"]
[SourceQuality "1"]

{[%evp 27,53,0,0,0,0,0,0,0,0,0,0,0,0,0,16,37,314,305,523,529,481,517,528,530,530,522,528,525]} 1. d4 Nf6 2. c4 g6 3. Nc3 d5 4. Nf3 Bg7 5. Qb3 dxc4 6. Qxc4 O-O {[%cal Bh8f8,Bf8e8,Be8e4][%mdl 32]} 7. e4 Na6 8. Be2 c5 9. d5 e6 10. O-O exd5 11. exd5 Re8 12. Rd1 Bf5 13. d6 h6 {D97: Grünfeld: Russian System: 7 e4, replies other than 7...Bg4} 14. Be3 Ng4 {LiveBook: 3 Games} 15. Bf4 Bxc3 $1 {The position is equal.} 16. bxc3 {Hoping for Bg3.} Re4 17. Qb5 Rxf4 18. Qxb7 Ra4 $1 19. d7 {[#] Qc6 is the strong threat.} ({Much worse is} 19. Bxa6 Rb8 $17) 19... Nc7 (19... Be4 20. Qb3 Bc6 21. Rd6 Bxd7 22. Rad1 Qb8 23. Rxd7 Qxb3 24. axb3 Ra2 25. Bc4 Rf8 26. R7d6 Kg7 27. Rxa6 Rxf2 28. Re1 {1-0 (28) Anand,V (2797)-Aronian,L (2777) Zuerich 2015}) 20. h3 {Strongly threatening Qc6.} Nf6 $146 ({Predecessor:} 20... Nxf2 21. Kxf2 Bxd7 {½-½ (31) Kudr,R (2267)-Pravec,L (2369) ICCF email 2015}) 21. Ne5 $1 {[%cal Re5c6,Bf3e5,Be5d7,Bd7f6][%mdl 32] Black must now prevent Nc6.} Bxd7 $2 {[%mdl 8192]} ({Better is} 21... Nxd7 $14 22. Nxf7 Kxf7 23. Qb3+ Kg7 24. Qxa4 Qe8) 22. Nxd7 $18 Nfd5 $2 {[#]} (22... Nxd7 23. Qc6 Qf6 24. Qxa4 Nb6) 23. Rxd5 {White is clearly winning.} Nxd5 24. Qxd5 Rc8 25. Bb5 Rf4 26. Qd6 Qc7 27. Nf6+ 1-0

[Event "RUS-ch Youth U21 Boys 2018"]
[Site "Loo"]
[Date "2018.04.22"]
[Round "3"]
[White "Lomasov, Semen"]
[Black "Yeletsky, Ivan"]
[Result "1-0"]
[WhiteElo "2536"]
[BlackElo "2430"]
[Annotator "TA"]
[PlyCount "92"]
[EventDate "2018.??.??"]
[EventType "tourn"]
[EventCountry "RUS"]
[SourceTitle "playchess.com"]
[Source "ChessBase"]
[SourceQuality "1"]

{[%evp 14,92,19,26,29,18,30,20,20,21,23,26,24,23,35,31,34,31,44,22,78,48,48,48,50,33,26,33,60,62,59,55,55,-141,-141,-163,-163,-163,-163,-158,-155,-154,-150,-182,-167,-179,-166,-158,0,0,13,20,10,15,6,20,40,72,50,0,379,384,713,710,675,646,1620,1534,6925,3162,12839,12839,12836,5908,29979,29980,29977,12840,12842,12842,12841]} 1. d4 d5 2. c4 c6 3. cxd5 cxd5 4. Bg5 h6 5. Bh4 Qb6 6. Nc3 {D10: Slav Defence: 3 cxd5 (without early Nf3) and 3 Nc3} e6 (6... e5 7. Nf3 Nc6 8. e3 exd4 9. Nxd4 Qxb2 10. Nxd5 Bb4+ 11. Nxb4 Qc3+ {0-1 (20) Mamedyarov,S (2809)-Andreikin,D (2712) Moscow 2018}) 7. Qd2 Bd7 $146 ({Predecessor:} 7... Be7 8. Bxe7 Nxe7 9. e3 O-O 10. Bd3 Nd7 11. Nf3 Nf6 {½-½ (24) Shevchenko,K (2547)-Beliavsky,A (2542) Kiev 2017}) 8. e3 {LiveBook: 3 Games. The position is equal.} Be7 9. Nf3 Nc6 10. Bd3 Bxh4 11. Nxh4 Nf6 12. O-O O-O 13. Nf3 Ne7 14. Ne5 Rac8 15. Rac1 a6 16. f4 Nc6 (16... Qd8 $11 {remains equal.}) 17. Bb1 Qd8 18. h3 Ne8 19. Qd3 {[%csl Gb1][%cal Rd3h7]} f5 20. g4 Qh4 {White must now prevent ...Qg3+.} 21. Kg2 Nxe5 22. fxe5 g6 23. gxf5 $2 {[#]} (23. Qe2 $14 {keeps the upper hand.}) 23... Bb5 $1 $17 {[%cal Rb5d3]} ({Stronger than} 23... exf5 24. Qe2 $14) (23... Rxf5 24. Rxf5 gxf5 25. Qd2 $14) (23... gxf5 24. Kh2 $11) 24. Nxb5 Rxc1 25. Rxc1 {Threatens to win with f6.} Rxf5 26. Rf1 {[%cal Rf1f5]} Rg5+ 27. Kf3 {Strongly threatening Nc3.} axb5 ({Much less strong is} 27... Qxh3+ 28. Ke2 $15) 28. Qxb5 {[#]} Ng7 $1 29. Ke2 Rg2+ 30. Kd3 Qxh3 $2 (30... Qe4+ $17 31. Kc3 Qxe3+ 32. Qd3 Qg5) 31. Qxb7 $11 Qg4 32. Qf7+ ({Not} 32. Kc3 $2 Qe2 $17) 32... Kh7 {( -> ...Qe2+)} 33. Qf3 {And now Qxg4 would win.} Qg5 34. Kc3 Nf5 $1 35. Bd3 $36 {[%mdl 2048] White is on the roll.} h5 36. a4 Rg3 $2 {[%mdl 8192]} (36... h4 $1 $11) 37. Qf4 $18 h4 $2 (37... Qxf4 38. exf4 Kg8) 38. Qxg5 Rxg5 {[%mdl 4096] Endgame KRB-KRN} 39. a5 {a6 is the strong threat.} Kg7 40. a6 Rh5 41. Bxf5 exf5 {KR-KR} 42. a7 Rh8 43. Ra1 g5 44. a8=Q Rxa8 45. Rxa8 g4 46. Kd3 h3 {Precision: White = 72%, Black = 52%.} 1-0

[Event "RUS-ch Youth U21 Boys 2018"]
[Site "Loo"]
[Date "2018.04.22"]
[Round "3"]
[White "Lobanov, Sergei"]
[Black "Paravyan, David"]
[Result "1-0"]
[WhiteElo "2481"]
[BlackElo "2614"]
[Annotator "TA"]
[PlyCount "115"]
[EventDate "2018.??.??"]
[EventType "tourn"]
[EventCountry "RUS"]
[SourceTitle "playchess.com"]
[Source "ChessBase"]
[SourceQuality "1"]

{[%evp 19,115,2,2,-5,-6,-32,-28,-29,-9,-14,-25,-16,-12,-8,-9,-22,-22,-9,-21,-37,-43,-44,-42,-45,-45,-35,-34,-37,-47,-63,-36,-36,-36,-36,-36,-36,-37,-33,-35,-36,-31,-36,-4,-4,-10,-16,-9,-23,8,8,8,18,180,166,159,149,178,168,203,204,203,201,179,208,206,197,161,168,176,157,545,537,516,373,509,493,556,535,625,560,1091,941,1602,1550,29975,29977,29976,29978,29978,29979,29979,29980,29980,29981,29982,29983,29982,29982]} 1. Nf3 Nf6 2. c4 b6 3. g3 Bb7 4. Bg2 c5 5. O-O g6 6. Nc3 Bg7 7. d4 cxd4 8. Nxd4 Bxg2 9. Kxg2 Nc6 {A30: Symmetrical English: Double Fianchetto and Hedgehog} (9... Qc8 10. b3 Qb7+ 11. Kg1 O-O 12. Bb2 Rd8 13. Nf3 Na6 14. Nd5 Nxd5 15. Bxg7 Ne3 16. Qd2 Kxg7 17. Qxe3 d5 18. Rac1 Nc5 19. h4 h5 20. b4 {½-½ (48) Radjabov,T (2724)-Vachier Lagrave,M (2762) Dubai 2014}) 10. Nxc6 dxc6 {LiveBook: 5 Games} 11. Qa4 Qc8 {The position is equal.} 12. Nd5 Nd7 {Hoping for ...Nc5.} 13. Nb4 c5 $146 ({Find the theoretical novelty and annotate with similar games:} 13... a5 14. Nd3 O-O 15. Be3 Qb7 16. Kg1 b5 17. Qc2 {½-½ (30) Colle,E-Reti,R London 1927}) 14. Nd5 e6 15. Nc3 O-O 16. Bf4 Ne5 17. Rad1 Qc6+ 18. Qxc6 Nxc6 19. Na4 Rad8 20. Bg5 Rd4 21. b3 h6 22. Be3 Rdd8 23. Rxd8 Rxd8 24. Rc1 Nb4 25. a3 Nc6 26. Kf1 g5 27. Ke1 f5 28. Rd1 Rxd1+ 29. Kxd1 $15 {[%mdl 4096] Endgame KBN-KBN} Kf7 30. Kd2 e5 {...f4 is the strong threat.} 31. f3 Bf8 32. Kd3 Ke6 33. Nc3 Nd4 34. Bxd4 cxd4 $11 {KB-KN} 35. Nb5 Kd7 $2 (35... h5 $11) 36. Nxa7 $18 Bxa3 37. g4 $1 Ke6 38. Nb5 Bc5 39. Nc7+ Kd7 40. Nd5 e4+ 41. fxe4 fxg4 42. e5 $1 Ke6 {[#]} 43. Ke4 $1 h5 {[#]} 44. Nf6 $1 g3 $2 (44... h4 $16 {is a better chance.}) 45. hxg3 h4 46. gxh4 gxh4 47. Nd5 Kf7 48. Nf4 Kg7 49. Kf5 Kf7 50. Kg4 Be7 51. e6+ Kf6 52. Nd5+ {White mates.} Kxe6 53. Nxe7 Kxe7 54. Kxh4 {K3P-KPP} Kd6 55. Kg4 Ke5 56. Kf3 Kf5 57. b4 {[%cal Bb3b4,Bb4b5][%mdl 32]} Ke5 58. b5 {Precision: White = 83%, Black = 50%.} 1-0

[Event "RUS-ch Youth U21 Boys 2018"]
[Site "Loo"]
[Date "2018.04.22"]
[Round "3"]
[White "Khanin, Semen"]
[Black "Triapishko, Alexandr"]
[Result "1-0"]
[WhiteElo "2468"]
[BlackElo "2509"]
[Annotator "TA"]
[PlyCount "71"]
[EventDate "2018.??.??"]
[EventType "tourn"]
[EventCountry "RUS"]
[SourceTitle "playchess.com"]
[Source "ChessBase"]
[SourceQuality "1"]

{[%evp 24,71,42,44,43,37,42,43,63,53,64,59,129,88,91,68,324,317,308,289,270,262,323,315,281,310,284,277,564,446,435,425,708,670,662,490,479,479,479,479,29990,29981,29955,29956,29986,29987,29987,29988,29998,29999]} 1. e4 c6 2. d4 d5 3. Nd2 dxe4 4. Nxe4 Bf5 5. Ng3 Bg6 6. h4 h6 7. Nf3 e6 8. Ne5 Bh7 9. Bd3 Bxd3 10. Qxd3 Nd7 11. Bf4 Ngf6 12. O-O-O Be7 13. Kb1 {LiveBook: 5 Games. B19: Classical Caro-Kann: 4...Bf5 main line} (13. Ne2 Nxe5 14. dxe5 Qxd3 15. Rxd3 Nd5 16. Bd2 O-O-O 17. h5 Bc5 18. Ng3 f5 19. exf6 Nxf6 20. Rxd8+ Rxd8 {½-½ (100) Muzychuk,A (2576)-Socko,M (2479) Monaco 2017}) 13... Nxe5 14. Bxe5 O-O 15. Ne4 $146 {White is slightly better.} ({Predecessor:} 15. Qe2 Re8 16. f4 Nd7 17. Ne4 f6 18. g4 fxe5 19. dxe5 Qc7 20. g5 Nc5 {1-0 (37) Despontin,L (2160)-Hicdoenmez,H (2300) ICCF email 2014}) 15... Nd7 16. Bf4 Qa5 17. g4 e5 (17... Rad8 $14) 18. dxe5 Nxe5 19. Qg3 $36 {[%mdl 2048] White has some pressure.} Ng6 $2 {[%mdl 8192] [#]} (19... Nc4 $14) 20. Bc7 $1 $18 {[%cal Rc7a5]} Qb4 21. f3 Rfe8 22. h5 {[%cal Bh4h5,Bh5h6][%mdl 32]} Nf8 23. g5 Bxg5 24. Nxg5 hxg5 25. h6 f6 $2 (25... Qe7 {is a better defense.} 26. hxg7 Ng6) 26. Bd6 Qc4 27. Bxf8 Rxf8 (27... Re2 $142 28. Ba3 (28. h7+ Kh8 $18) 28... Qxc2+ 29. Ka1 gxh6) 28. hxg7 Kxg7 {intending ...Rh8.} 29. Qh3 {[%csl Gh1][%cal Rh3h7] [#]} Rh8 30. Rd7+ Kg6 31. Rh7 {Threatening mate with f4.} Rhd8 (31... Qh4 $18 32. Rxh4 (32. Qxh4 gxh4 33. R7xh4 Rxh4 $11) 32... Rxh4) 32. b3 {White mates.} Qd4 33. Rh6+ Kg7 34. Qh5 Kf8 35. Re1 Qh4 36. Rh8+ {Precision: White = 93%, Black = 39%.} 1-0

[Event "RUS-ch Youth U21 Boys 2018"]
[Site "Loo"]
[Date "2018.04.23"]
[Round "4"]
[White "Paravyan, David"]
[Black "Lomasov, Semen"]
[Result "1/2-1/2"]
[WhiteElo "2614"]
[BlackElo "2536"]
[Annotator "TA"]
[PlyCount "165"]
[EventDate "2018.??.??"]
[EventType "tourn"]
[EventCountry "RUS"]
[SourceTitle "playchess.com"]
[Source "ChessBase"]
[SourceQuality "1"]

{[%evp 22,165,17,24,6,0,0,0,0,0,0,0,0,0,0,0,0,-27,-21,-58,-51,-125,-141,-148,-118,-125,-116,-140,-151,-144,-133,-159,-167,-166,-143,-139,-117,-144,-62,-62,-62,-121,-132,-118,-91,-92,-79,-79,-79,-79,-62,-62,-62,-69,-69,-69,-69,-79,-79,-97,-97,-105,-79,-79,-79,-79,-69,-79,-79,-79,-76,-76,-62,-100,-100,-100,-100,-125,-125,-125,-118,-125,-125,-125,-118,-125,-118,-125,-118,-118,-118,-118,-118,-118,-118,-118,-118,-118,0,-118,-118,-118,-118,-118,-118,-118,-118,-118,-118,-118,-118,-118,-118,-118,-118,-118,-118,-118,-118,-118,-118,-118,-118,-118,-118,-118,-118,-118,-118,-118,-118,-125,0,0,0,0,0,0,0,0,0,-118,-118,-118,-118,-125]} 1. d4 e6 2. Nf3 Nf6 3. c4 Bb4+ 4. Nbd2 O-O 5. a3 Be7 6. e4 d5 7. e5 Nfd7 8. Bd3 {E11: Bogo-Indian} c5 9. Qc2 h6 10. O-O cxd4 (10... Nc6 11. Nb3 a5 12. Bf4 b6 13. Rfe1 dxc4 14. Bxc4 a4 15. Nbd2 Bb7 {½-½ (37) Bluebaum,M (2643)-Anand,V (2783) Germany 2017}) 11. Nb3 Nc6 12. Re1 {LiveBook: 12 Games} dxc4 13. Bxc4 a5 {[%cal Ba7a5,Ba5a4][%mdl 32]} 14. Qe4 a4 $1 {[%cal Ra4b3]} ({Much weaker is} 14... Nc5 $6 15. Nxc5 Bxc5 16. Bd3 $16) 15. Bxh6 {[#] Hoping for Qg4.} Ndxe5 $146 ({Reject} 15... gxh6 $6 16. Bd3 $16) ({Predecessor:} 15... Ncxe5 16. Bxg7 {½-½ (16) Plomp,M (2541)-Dhanish,P (2603) ICCF email 2015}) 16. Nxe5 Nxe5 17. Qxe5 {[%csl Gh6][%cal Re5g7]} Bf6 18. Qg3 axb3 19. Bxb3 Bd7 $36 {[%mdl 2048] Black has some pressure.} 20. h4 Ra5 21. Bd1 ({Better is} 21. Rad1 $15) 21... Bc6 $17 22. Be2 Rf5 23. Rad1 Kh8 24. Bg5 Bxg5 25. hxg5 Rxg5 26. Qh3+ Kg8 27. Bf3 {intending Bxc6.} g6 28. Bxc6 bxc6 29. Re4 Rh5 (29... c5 $17 30. b4 Rh5) 30. Rexd4 $15 Qb8 31. Qg3 (31. Rh4 $15) 31... Qxb2 $17 32. a4 Kg7 33. Rh4 {[#] And now Rxh5 would win.} Rfh8 34. Rxh5 Rxh5 {[%mdl 4096] Endgame KQR-KQR} 35. Qf4 c5 {[%cal Bc6c5,Bc5c4][%mdl 32]} 36. a5 Qe2 {[%cal Re2d1]} 37. Ra1 Rf5 38. Qe3 Qb2 39. Rf1 c4 40. Qb6 Rb5 41. Qc7 Qa2 42. a6 Qxa6 43. Qxc4 Qb7 44. Qc3+ Kh7 45. Rc1 Rg5 {[%csl Gg5][%cal Rb7g2]} 46. Qc6 Qb3 47. Qc7 Qf3 {[%csl Gg5][%cal Rf3g2]} 48. Qh2+ Kg7 49. Qe5+ Rxe5 50. gxf3 {KR-KR} Kf6 51. Rc7 Rf5 52. Kg2 Ke5 53. Ra7 Rg5+ 54. Kf1 f6 55. Ra4 Kf5 56. Rb4 Rh5 57. Kg2 g5 58. Rb5+ Kg6 59. Rb6 Kf5 60. Rb5+ e5 61. Rb6 Rh4 62. Ra6 Rd4 63. Rb6 Kg6 64. Ra6 Kf7 65. Rb6 Ke7 66. Ra6 Rd6 67. Ra4 Ke6 68. Rb4 Kd5 69. Ra4 Kc5 70. Ra1 Rc6 71. Rc1+ Kd6 72. Rd1+ Kc7 73. Rd2 Rb6 74. Ra2 Kd6 75. Ra5 Kc6 76. Kg3 Kb7 (76... Kd7 $17 {aiming for ...Ke6.} 77. Ra4 Ke6) 77. Ra4 $11 Rb2 {Threatens to win with ...Rc2.} 78. Ra5 Rb4 {...Kc7 is the strong threat.} 79. Rc5 $1 Kb6 80. Rc8 Kb7 81. Rf8 (81. Rc5 $11) 81... Rf4 $17 82. Kg2 Kc6 83. Ra8 {Precision: White = 63%, Black = 70%.} 1/2-1/2